|
|
|
|
| LEADER |
00000ny a22000003n 4500 |
| 005 |
2011060705295.0 |
| 008 |
970410s1999 sp s 000 0 spa c |
| 020 |
|
|
|a 8471303175
|
| 035 |
|
|
|a 722
|
| 040 |
|
|
|a UMA.CEE
|d vLex
|
| 040 |
|
|
|a UMA.RE
|d vLex
|
| 090 |
|
|
|c 2143
|d 2143
|
| 245 |
0 |
0 |
|a Comentarios al Cd̤igo Civil y compilaciones forales
|h [Recurso electrn̤ico]
|c dirigidos por Manuel Albaladejo
|
| 256 |
|
|
|a Servicio en ln̕ea
|
| 260 |
|
|
|a Madrid :
|b Revista de Derecho Privado :
|b Editoriales de Derecho Reunidas,
|c D.L. 1999
|
| 300 |
|
|
|a p. ;
|c 21 cm
|
| 505 |
0 |
|
|t Tomo XIX, Artc̕ulos 1.445 a 1.541 del Cd̤igo civil /
|
| 506 |
1 |
|
|a Contenido solo disponible en los productos indicados
|d vLex Global
|d vLex Global (Academic Edition, excluding Law Schools)
|d vLex Global (U.S. Academic Edition, Law Schools)
|d vLex Global (U.S. Academic Edition, excluding Law Schools)
|d vLex Global (Academic Edition, Law Schools)
|
| 650 |
0 |
7 |
|2 Tesauro vLex
|a Civil
|
| 650 |
0 |
7 |
|2 Tesauro vLex
|a Cd̤igo civil
|
| 700 |
|
|
|a Albaladejo Garca̕, Manuel,
|e dir
|
| 740 |
0 |
|
|a vLex Libros (Servicios en ln̕ea)
|
| 856 |
4 |
0 |
|z Acceso restringido
|u http://vlex.com/source/722
|
| 942 |
|
|
|c BOOK
|